000 00705nam a2200253 a 4500
001 000009905
003 000009905
005 20180117095235.0
008 091002s2005 dr 000 p spa d
020 _z999345592
040 _aBPMSU
_bspa
_cBPMSU
049 _a
082 4 _aRD861.44
_bL258a
100 1 _aLandolfi, Ciriaco
245 1 0 _aAbril, tu cuerpo amado /
_cCiriaco Landolfi.
260 _aSanto Domingo :
_bCorripio,
_c2005.
300 _a74 p. ;
_c22 cm.
650 4 _aPOESÍA DOMINICANA
650 4 _aLITERATURA DOMINICANA
910 _aValidado. Control de calidad BNPHU.
942 _2ddc
_cBK
945 _a Inventariado / 2017 VM
956 _aVMATEO
_b10
_c20150728
_lBPMSU
_h00151
999 _c7092
_d7092